LEADER 02326nam 2200493 450 001 000011360 005 20050718115400.0 010 $a2-7056-6027-5$b(vol. 1.) 010 $a2-7056-6029-1$b(vol. 3.) 100 $a20020822d1987----km-y0itay0103----ba 101 0 $afre 102 $aFR 200 1 $aGéométrie algébrique et applications$eComptes-rendus de la deuxième conférence internationale de La Rabida. Espagne. (10-18 décembre 1984)$fJ. -M. Aroca, T. Sanchez-Giralda, J. -L- Vincente 210 $aParis$cHermann$dc1987- 215 $av.$d24 cm. 225 1 $aTravaux en cours 327 $a<> Géométrie et calcul algébrique. - c1987. - 219 p. - (Travaux en cours; 22)$a<> Géométrie réelle. Systèmes différentiels at théorie de Hodge. - c1987. - 183 p. - (Travaux en cours; 24) 559 $aGéométrie et calcul algébrique 559 $aGéométrie réelle. Systèmes différentiels at théorie de Hodge 606 $aGeometria algebrica$xCongressi 676 $a516.35$v(20. ed.)$9Geometria algebrica classica 691 $a14-xx$9Algebraic geometry 691 $a32-xx$9Several complex variables and analytic spaces 700 1$aAroca, L- Vincente$bJ. -M.$0440789 701 1$aSanchez-Giralda,$bT.$0440790 701 1$aVincente$bJ. -L.$0440791 801 0$aIT$bUniversità della Basilicata - B.I.A.$gRICA$2unimarc 912 $a000011360 996 $aGéométrie algébrique et applications$91526751 997 $aUNIBAS BAS $aMONSCI BAS $aMONOGR BAS $aSCIENZE CAT $aEXT002$b01$c20020822$lBAS01$h1133 CAT $aEXT002$b01$c20020823$lBAS01$h1749 CAT $aEXT002$b01$c20020823$lBAS01$h1750 CAT $c20050601$lBAS01$h1754 CAT $abatch$b01$c20050718$lBAS01$h1051 CAT $c20050718$lBAS01$h1110 CAT $c20050718$lBAS01$h1140 CAT $c20050718$lBAS01$h1154 FMT Z30 -1$lBAS01$LBAS01$mBOOK$1BASA2$APolo Tecnico-Scientifico$2GEN$BCollezione generale$3MAT$663233$5S63233$820020822$b1$e219$f51$FRiservati$hVol. 1. : Géométrie et calcul algébrique Z30 -1$lBAS01$LBAS01$mBOOK$1BASA2$APolo Tecnico-Scientifico$2GEN$BCollezione generale$3MAT$663235$5S63235$820020822$b3$e183$f51$FRiservati$hVol. 3. : Géométrie réelle. Systèmes différentiels at théorie de Hodge LEADER 00959nam0 22002531i 450 001 RML0238862 005 20231121125705.0 100 $a20121121d1993 ||||0itac50 ba 101 | $aita 102 $ait 181 1$6z01$ai $bxxxe 182 1$6z01$an 200 1 $a˜La œtutela dell'aria$eCommentario. Provvedimenti Comunitari e Statali. Il caso della Regione Lombardia$fSergio D'Angelo 210 $aMilano $cGiuffr $d1993 215 $axvi,486 p.$d21 cm. 700 1$aD'ANGELO$b, Sergio$3RMLV152624$0301686 801 3$aIT$bIT-01$c20121121 850 $aIT-FR0098 899 $aBiblioteca Area Giuridico Economica$bFR0098 912 $aRML0238862 950 0$aBiblioteca Area Giuridico Economica$d 53IMP 344.046/37$e 53VM 0000077675 VM barcode:ECO004063. - Inventario:1950. - Fondo:Sala consultazioneVM$fA $h19941115$i20121204 977 $a 53 996 $aTutela dell'aria$9887096 997 $aUNICAS